000 00646nam a2200241Ia 4500
003 OSt
005 20220918210648.0
006 a|||||r|||| 00| 0
007 ta
008 220917b |||||||| |||| 00| 0 eng d
024 _a121,444
037 _cTextual
040 _aARTS
_cARTS
_beng
041 _2eng
_aeng
082 _aV73:2:N5, J21
100 _aSwarthoutt John M
_9118946
245 0 _aMaterials on American national Government
260 _c1952
650 _aHISTORY
700 _a Bartley Ernest R
_9118010
942 _hV73:2:N5, J21
_cTEXL
_2CC
999 _c244650
_d244650